Akulturace imigrantů v České republice

Pojem kultúra a akultúra. Interkultúrna stratégia imigrantov a hostiteľskej spoločnosti. Predsudky a diskriminácia. Ochrana proti diskrimináciii v Českej republike.

Na minha lista:
Detalhes bibliográficos
Autor principal: Matysová, Kamila
Formato: Capítulo de Livro
Idioma:tcheco
Assuntos:
Tags: Adicionar Tag
Sem tags, seja o primeiro a adicionar uma tag!

MARC

LEADER 00000naa a2200000 4500
001 0165618
005 20250514124148.2
041 0 |a cze 
044 |a CZ 
245 1 0 |a Akulturace imigrantů v České republice  |c Kamila Matysová 
520 |a Pojem kultúra a akultúra. Interkultúrna stratégia imigrantov a hostiteľskej spoločnosti. Predsudky a diskriminácia. Ochrana proti diskrimináciii v Českej republike. 
610 2 0 |a Česko 
610 2 0 |a imigrácia 
610 2 0 |a diskriminácia 
610 2 0 |a zvyklosti kultúrne 
610 2 0 |a akulturácia 
100 1 |a Matysová, Kamila